| 000 | 00831ntm a22003257a 4500 | ||
|---|---|---|---|
| 005 | 20251016192611.0 | ||
| 008 | 170425b2012 xxu||||| |||| 00| 0 spa d | ||
| 020 | _a9789586487672 | ||
| 041 | _aESP | ||
| 082 | _a617.601 H533c4 | ||
| 100 |
_aHerazo Acuña, Benjamín _942350 |
||
| 245 | _aClínica del sano en odontología | ||
| 250 | _a4 edición | ||
| 260 | _aColombia | ||
| 260 | _bEcoe Ediciones | ||
| 260 | _c2012 | ||
| 300 | _a294 páginas | ||
| 300 | _bIlustraciones a color | ||
| 490 | _aMecánica Dental | ||
| 650 | _aODONTOLOGÍA PREVENTIVA | ||
| 650 | _aSALUD DENTAL | ||
| 650 | _aSALUD ORAL | ||
| 650 | _aSALUD BUCODENTAL | ||
| 650 | _aCONTROL BIOLÓGICO | ||
| 650 | _aCONTROL INMUNOLÓGICO | ||
| 650 | _aTOXICOLOGÍA | ||
| 650 | _aFARMACOLOGÍA | ||
| 650 | _aNUTRICIÓN | ||
| 942 |
_cBK _2ddc |
||
| 999 |
_c9323 _d9323 |
||